[Event "Ch Bosnia & Herzegovina (team) (Premier League)"]
[Site "Bihac (Bosnia & Herzegovina)"]
[Date "2016.07.24"]
[Round "9"]
[White "Jankovic Alojzije (CRO)"]
[Black "Tadic Branko (SRB)"]
[Result "1-0"]
[WhiteElo "2576"]
[BlackElo "2466"]

1.d4 d6 2.Nf3 f5 3.Nc3 Nf6 4.Bg5 c6 5.e3 Qb6 6.Rb1 g6 7.Bc4 d5 8.Bd3 Bg7 9.O-O
Be6 10.Na4 Qc7 11.b3 Nbd7 12.c4 Nh5 13.Rc1 h6 14.Bh4 g5 15.cxd5 Bxd5 16.Bxf5
O-O 17.Bg4 gxh4 18.Bxh5 h3 19.g3 Nf6 20.Nc3 Qd6 21.Nh4 Nxh5 22.Qxh5 Bf7 23.Qe2
Qe6 24.f4 Bf6 25.f5 Qd7 26.Qg4+ Kh8 27.Qxh3 Rg8 28.Ne4 {#r} 1-0

[Event "Ch Czech Republic (open) (active)"]
[Site "Pardubice (Czech Republic)"]
[Date "2016.07.20"]
[Round "2"]
[White "Tomazini Aljosa (SLO)"]
[Black "Hasangatin Ramil (RUS)"]
[Result "1-0"]
[WhiteElo "2335"]
[BlackElo "2509"]

1.d4 d6 2.Nf3 Bg4 3.c4 Bxf3 4.gxf3 g6 5.h4 Nf6 6.e4 Bg7 7.Be3 Nbd7 8.Nc3 e5
9.d5 Nh5 10.Qd2 Bf6 11.Bh3 Bxh4 12.Bxd7+ Kxd7 13.c5 Ke8 14.cxd6 cxd6 15.Nb5
Be7 16.Rc1 Kf8 17.Rxh5 gxh5 18.Bh6+ Ke8 19.Nc7+ Kd7 20.Qa5 Qb8 21.Qb5+ Kd8
22.Ne6+ {#r} 1-0

[Event "It (open)"]
[Site "Mislata (Spain)"]
[Date "2016.08.11"]
[Round "5"]
[White "Romero Calduch Sergio (ESP)"]
[Black "Garcia Fernandez Carlos (ESP)"]
[Result "1-0"]
[WhiteElo "2201"]
[BlackElo "2300"]

1.d4 d6 2.c4 e5 3.d5 g6 4.e4 Bg7 5.Bd3 Ne7 6.h4 h6 7.Be3 O-O 8.Qd2 Kh7 9.Nc3
f5 10.exf5 gxf5 11.g4 Nd7 12.Nge2 e4 13.Nxe4 Ne5 14.O-O-O Nxd3+ 15.Qxd3 fxe4
16.Qxe4+ Kg8 17.Bd4 Qe8 18.Nf4 Rxf4 19.Qxf4 Ng6 20.Qd2 Qf7 21.Bxg7 Kxg7 22.h5
Nf4 23.Rde1 Bxg4 24.Rhg1 Qf5 25.Qd4+ Kf7 26.Re4 Nxh5 27.Rgxg4 Nf6 28.Rgf4 {#r}
1-0

[Event "It (open) "]
[Site "Berlin (Germany)"]
[Date "2016.08.18"]
[Round "6"]
[White "Rietze Clemens (GER)"]
[Black "Bruemmel Arend (GER)"]
[Result "1-0"]
[WhiteElo "2354"]
[BlackElo "2143"]

1.d4 d6 2.c4 e5 3.d5 f5 4.e4 Nf6 5.exf5 Bxf5 6.Nc3 Be7 7.Nge2 O-O 8.Ng3 Bg6
9.Bd3 Bxd3 10.Qxd3 Nbd7 11.O-O h6 12.Nf5 Nh7 13.f4 Bf6 14.Bd2 exf4 15.Bxf4
Bxc3 16.bxc3 Nc5 17.Qh3 Qd7 18.Be3 Nf6 19.Bxc5 dxc5 20.Rae1 Rae8 21.Re6 Rxe6
22.dxe6 Qe8 23.e7 Rf7 24.Qg3 Kh7 25.Qxc7 Ng8 26.Rf3 Rf6 27.Qd8 {#r} 1-0

[Event "It (open)"]
[Site "Oslo (Norway)"]
[Date "2016.09.30"]
[Round "2"]
[White "Stray Gunnar (NOR)"]
[Black "Blomqvist Erik (SWE)"]
[Result "0-1"]
[WhiteElo "2066"]
[BlackElo "2545"]

1.d4 d6 2.Nf3 g6 3.g3 Bg7 4.Bg2 Nd7 5.O-O e5 6.dxe5 dxe5 7.e4 Ngf6 8.Nc3 O-O
9.b3 c6 10.Bb2 Re8 11.Qe2 Qc7 12.h3 a5 13.a4 Nc5 14.Rfd1 Ne6 15.Na2 Nd7 16.Qe3
Ndc5 17.Rab1 b6 18.Nc1 Ba6 19.Bf1 Bxf1 20.Kxf1 Nd4 21.Ne1 Qd7 22.Ncd3 Qxh3+
23.Kg1 Nce6 24.Bc1 Bh6 25.f4 exf4 26.Nf2 fxe3 27.Nxh3 Ne2+ {#R} 0-1

[Event "It (cat.1)"]
[Site "Budapest (Hungary)"]
[Date "2016.10.01"]
[Round "1"]
[White "Krstulovic Alex (HUN)"]
[Black "Vanhove Koen (BEL)"]
[Result "1-0"]
[WhiteElo "2242"]
[BlackElo "2099"]

1.d4 d6 2.c4 e5 3.Nf3 e4 4.Ng5 f5 5.g3 Be7 6.Nh3 Nf6 7.Bg2 c6 8.O-O Na6 9.Nc3
O-O 10.Bg5 Nc7 11.Qb3 Ne6 12.Bxf6 Bxf6 13.d5 Nc5 14.Qc2 a5 15.Rad1 Be5 16.f4
exf3 17.Bxf3 f4 18.Nxf4 Rxf4 19.gxf4 Bxf4 20.dxc6 Be3+ 21.Kh1 bxc6 22.Bxc6 Bb7
23.Bxb7 Nxb7 24.Qe4 {#r} 1-0

[Event "Ch Slovenia (team)"]
[Site "Slovenia"]
[Date "2016.10.15"]
[Round "2"]
[White "Mihalcisin Adrian (SLO)"]
[Black "Praznik Niko (SLO)"]
[Result "0-1"]
[WhiteElo "2491"]
[BlackElo "2386"]

1.d4 d6 2.Nf3 g6 3.g3 Bg7 4.Bg2 c5 5.O-O cxd4 6.Nxd4 Qb6 7.Nb3 Nc6 8.Nc3 Nf6
9.Bg5 Be6 10.e4 h6 11.Be3 Qd8 12.Nd5 h5 13.h3 Qc8 14.Kh2 Ne5 15.Bd4 Bxd5
16.exd5 O-O 17.Re1 Re8 18.a4 Qf5 19.f4 Nc4 20.Qe2 Rac8 21.Qf2 Bh6 22.Bxf6 Qxf6
23.c3 h4 24.Re4 hxg3+ 25.Kxg3 Nxb2 {#R} 0-1

[Event "Ch Iceland (team) 2016/17"]
[Site "Reykjavik (Iceland)"]
[Date "2016.10.01"]
[Round "3"]
[White "Arngrimsson Dagur (ISL)"]
[Black "Van Kampen Robin (NED)"]
[Result "0-1"]
[WhiteElo "2378"]
[BlackElo "2640"]

1.d4 d6 2.c4 e5 3.e3 Be7 4.Nc3 f5 5.dxe5 dxe5 6.Qxd8+ Bxd8 7.Nf3 e4 8.Nd4 Nf6
9.b3 Na6 10.Bb2 c6 11.Be2 Bd7 12.O-O-O Be7 13.f3 exf3 14.Bxf3 Nc5 15.Rhf1 O-O
16.Nc2 a5 17.Ba3 Rae8 18.h3 Bc8 19.Rfe1 Nfd7 20.Kb1 Ne5 21.Bb2 g6 22.Be2 Rf7
23.Nd4 Ne4 24.Nxe4 fxe4 25.Nc2 {#R} 0-1

[Event "Ch Belgium (team) 2016/17"]
[Site "Belgium"]
[Date "2016.11.06"]
[Round "3"]
[White "Bok Benjamin (NED)"]
[Black "Hopman Pieter (NED)"]
[Result "1-0"]
[WhiteElo "2592"]
[BlackElo "2359"]

1.d4 d6 2.Nf3 Bg4 3.e4 Nf6 4.Nc3 e6 5.h3 Bh5 6.Qe2 a6 7.g4 Bg6 8.h4 h5 9.g5
Nfd7 10.d5 exd5 11.exd5+ Qe7 12.Be3 Ne5 13.Nxe5 dxe5 14.O-O-O Nd7 15.Bh3 f5
16.gxf6 Nxf6 17.Rhe1 Qb4 18.Bd4 Bd6 19.a3 Qa5 20.f4 e4 21.Bxf6 gxf6 22.Nxe4
{#r} 1-0

[Event "Ch Vojvodina (team)"]
[Site "Kac (Serbia)"]
[Date "2016.11.22"]
[Round "11"]
[White "Mikheev Stanislav (RUS)"]
[Black "Czebe Attila (HUN)"]
[Result "0-1"]
[WhiteElo "2283"]
[BlackElo "2459"]

1.d4 d6 2.Nf3 g6 3.c4 Bg7 4.Nc3 e5 5.Bg5 f6 6.Bh4 Nc6 7.dxe5 dxe5 8.Qa4 Ne7
9.e4 Bd7 10.Qa3 a5 11.O-O-O Qc8 12.Nd5 Nxd5 13.cxd5 Nb4 14.Kb1 c5 15.Nd2 b5
16.Qe3 c4 17.a3 h5 18.Be2 g5 19.Bxg5 fxg5 20.axb4 axb4 21.Rc1 Qa6 22.Nxc4 Qa2+
23.Kc2 bxc4 {#R} 0-1

[Event "It "]
[Site "Novi Sad (Serbia)"]
[Date "2016.11.13"]
[Round "9"]
[White "Pecelj Nedeljko (SRB)"]
[Black "Drljevic Ljilja (SRB)"]
[Result "0-1"]
[WhiteElo "2158"]
[BlackElo "2207"]

1.d4 d6 2.Nf3 g6 3.g3 Bg7 4.Bg2 Nd7 5.c4 e5 6.Nc3 Ne7 7.e4 O-O 8.O-O exd4
9.Nxd4 Nc6 10.Nde2 a5 11.Be3 Nc5 12.Rb1 Be6 13.b3 Re8 14.Nd4 Bd7 15.Qd2 a4
16.Rfd1 axb3 17.axb3 Nb4 18.Nc2 Na2 19.Nxa2 Rxa2 20.Bxc5 dxc5 21.Qxd7 Qxd7
22.Rxd7 Rxc2 23.f4 Bd4+ 24.Kh1 Ra8 {#R} 0-1

[Event "Memorial M.Damjanovic (open)"]
[Site "Zagreb (Croatia)"]
[Date "2016.11.17"]
[Round "9"]
[White "Soldo Robert (CRO)"]
[Black "Jurkovic Ante (CRO)"]
[Result "0-1"]
[WhiteElo "2130"]
[BlackElo "2278"]

1.d4 d6 2.Nf3 g6 3.c4 Bg7 4.Nc3 Nc6 5.d5 Na5 6.e4 c5 7.dxc6 Nxc6 8.Be3 Bxc3+
9.bxc3 Nf6 10.Qc2 Qa5 11.Bd3 Ng4 12.Bd2 Nge5 13.Nxe5 Nxe5 14.f4 Nxd3+ 15.Qxd3
Be6 16.Qd4 f6 17.c5 dxc5 18.Qe3 Bc4 19.f5 O-O-O 20.fxg6 hxg6 21.e5 Rh5 22.exf6
exf6 {#R} 0-1

[Event "It "]
[Site "Khanty Mansyisk (Russia)"]
[Date "2016.11.24"]
[Round "5"]
[White "Batsiashvili Nino (GEO)"]
[Black "Skripchenko Almira (FRA)"]
[Result "1-0"]
[WhiteElo "2474"]
[BlackElo "2456"]

1.d4 d6 2.c4 e5 3.d5 f5 4.e4 Nf6 5.exf5 Bxf5 6.Nc3 Nbd7 7.Nge2 a5 8.Ng3 Bg6
9.h4 Nc5 10.h5 Bf7 11.Be3 Nfd7 12.Nce4 Nxe4 13.Nxe4 Be7 14.Qg4 g6 15.hxg6 Bxg6
16.Rxh7 Rxh7 17.Qxg6+ Rf7 18.Be2 Nf8 19.Qh5 Bf6 20.Bg4 Qe7 21.Ng5 c5 22.Be6
Bxg5 23.Bxg5 Qc7 24.a4 b6 25.Ra3 {#r} 1-0

[Event "Ch World (seniors) (65+)"]
[Site "Marianske Lazne (Czech Republic)"]
[Date "2016.11.23"]
[Round "5"]
[White "Gutkin Boris (ISR)"]
[Black "Komljenovic Davor (CRO)"]
[Result "0-1"]
[WhiteElo "2275"]
[BlackElo "2375"]

1.d4 d6 2.Nf3 g6 3.c4 Bg7 4.g3 c5 5.Bg2 Nc6 6.d5 Na5 7.O-O Bd7 8.Nbd2 Nf6
9.Qc2 b5 10.Rd1 O-O 11.e4 bxc4 12.Nxc4 Nxc4 13.Qxc4 Rb8 14.Qc2 Rb4 15.Ne1 Bb5
16.Nd3 Rc4 17.Qe2 Qb6 18.Bf4 Qa6 19.e5 Nh5 20.Bg5 Rd4 21.Bf1 Bxe5 22.Qc2 Bf6
23.Be3 Rxd5 24.a4 Bxd3 25.Bxd3 Qb7 26.Rab1 Bg7 27.Re1 Nf6 28.f4 Ng4 {#R} 0-1

[Event "It "]
[Site "Belgrade (Serbia)"]
[Date "2016.11.26"]
[Round "3"]
[White "Antic Dejan (SRB)"]
[Black "Smolovic Mile (SRB)"]
[Result "1-0"]
[WhiteElo "2451"]
[BlackElo "2298"]

1.d4 d6 2.Nf3 Bg4 3.c4 Bxf3 4.exf3 g6 5.Nc3 Bg7 6.Be3 Nh6 7.g4 Nc6 8.Qd2 Ng8
9.d5 Ne5 10.Be2 h5 11.h3 Nf6 12.f4 Ned7 13.O-O-O c5 14.f5 gxf5 15.gxh5 Ne4
16.Nxe4 fxe4 17.Rhg1 Bf6 18.Rg4 a6 19.Rdg1 Rf8 20.Rg8 Qb6 21.Rxf8+ Nxf8 22.Bg4
e6 23.Bg5 Bxg5 24.Qxg5 Qb4 25.Be2 b5 26.Qf6 bxc4 27.dxe6 fxe6 28.Rg7 {#r} 1-0

[Event "Ch World (active) (w)"]
[Site "Doha (Qatar)"]
[Date "2016.12.26"]
[Round "3"]
[White "Purtseladze Maka (GEO)"]
[Black "Sloan Aravena Peter (USA)"]
[Result "1-0"]
[WhiteElo "2347"]
[BlackElo "2173"]

1.d4 d6 2.Nf3 Bg4 3.e3 Nd7 4.h3 Bh5 5.c4 e5 6.Nc3 f5 7.Be2 Bxf3 8.Bxf3 c6
9.Qc2 e4 10.Be2 Ndf6 11.O-O h5 12.f3 d5 13.fxe4 fxe4 14.cxd5 cxd5 15.Bb5+ Ke7
16.Nxd5+ Qxd5 17.Qc7+ Ke6 18.Bc4 Bd6 19.Bxd5+ Kxd5 {#r} 1-0

[Event "Ch World (blitz) (w)"]
[Site "Doha (Qatar)"]
[Date "2016.12.30"]
[Round "16"]
[White "Batsiashvili Nino (GEO)"]
[Black "Sloan Aravena Peter (USA)"]
[Result "1-0"]
[WhiteElo "2482"]
[BlackElo "2173"]

1.d4 d6 2.Nf3 Nd7 3.Bf4 g6 4.e3 Bg7 5.h3 b6 6.Nbd2 Bb7 7.Bd3 e5 8.Bh2 f5
9.dxe5 dxe5 10.Bb5 c6 11.Ba4 Qe7 12.O-O Nc5 13.Bb3 Nxb3 14.axb3 e4 15.Nd4 Nf6
16.Nc4 Rd8 17.Rxa7 c5 18.Nd6+ Rxd6 19.Bxd6 Qxd6 20.Rxb7 O-O 21.Rxg7+ Kxg7
22.Nxf5+ {#r} 1-0

[Event "It (open)"]
[Site "Bosnjaci (Croatia)"]
[Date "2017.01.04"]
[Round "2"]
[White "Slamar Velimir (CRO)"]
[Black "Jovanovic Zoran (CRO)"]
[Result "0-1"]
[WhiteElo "2150"]
[BlackElo "2534"]

1.d4 d6 2.Nf3 g6 3.c4 Bg7 4.Nc3 Nc6 5.e4 Bg4 6.Be3 e5 7.d5 Nd4 8.Be2 Bxf3
9.Bxf3 Ne7 10.O-O O-O 11.Be2 c5 12.Qd2 f5 13.f4 Qd7 14.fxe5 dxe5 15.Bg5 Nc8
16.Bh6 Nd6 17.exf5 gxf5 18.Bxg7 Qxg7 19.Kh1 Rf6 20.g4 f4 21.Bd3 Kh8 22.Qe1 Re8
23.Ne4 Nxe4 24.Qxe4 f3 25.Rae1 Re7 26.h3 Qh6 27.Kh2 Qd2+ {#R} 0-1

[Event "It "]
[Site "Florianopolis (Brasil)"]
[Date "2017.01.22"]
[Round "4"]
[White "Dos Santos Haroldo C (BRA)"]
[Black "Viana Dirceu (BRA)"]
[Result "1-0"]
[WhiteElo "2119"]
[BlackElo "2266"]

1.d4 d6 2.Nf3 Bg4 3.Nbd2 Nf6 4.h3 Bh5 5.g4 Bg6 6.Nh4 e6 7.Bg2 c6 8.c3 Be7
9.Qb3 Qb6 10.Nc4 Qa6 11.Bf4 d5 12.Nd6+ Bxd6 13.Bxd6 Nbd7 14.Nxg6 hxg6 15.a4
Nb6 16.g5 Ne4 17.Bxe4 dxe4 18.Be5 Rh5 19.h4 Nd5 20.e3 O-O-O 21.Bxg7 Nb6 22.Bf6
Rd5 23.Qc2 Rf5 24.Qxe4 Nxa4 25.Qc2 Ra5 26.b4 {#r} 1-0

[Event "Ch World (KO-system) (w) (tie-break) (25 min+10 s)"]
[Site "Teheran (Iran)"]
[Date "2017.02.16"]
[Round "2"]
[White "Ushenina Anna (UKR)"]
[Black "Tan Zhongyi (CHN)"]
[Result "0-1"]
[WhiteElo "2459"]
[BlackElo "2496"]

1.d4 d6 2.Nf3 Bg4 3.e4 Nd7 4.h3 Bh5 5.Nc3 e5 6.Be2 Be7 7.Be3 Ngf6 8.O-O O-O
9.a4 c6 10.a5 Qc7 11.Qd3 Rfe8 12.dxe5 dxe5 13.Qc4 Nf8 14.Nh4 Bxe2 15.Nxe2 Ne6
16.Nf5 Bf8 17.Rfd1 b5 18.axb6 axb6 19.b4 b5 20.Qb3 Nxe4 21.c4 Nf4 22.Nxf4 Rxa1
23.Rxa1 exf4 24.f3 Ng3 {#R} 0-1

[Event "Memorial D.Bronshtein (active)"]
[Site "Minsk (Belarus)"]
[Date "2017.02.18"]
[Round "4"]
[White "Litvinenko Alexander (BLR)"]
[Black "Tihonov Jurij (BLR)"]
[Result "0-1"]
[WhiteElo "2000"]
[BlackElo "2402"]

1.d4 d6 2.Bf4 Nf6 3.e3 g6 4.Nf3 Bg7 5.c3 O-O 6.h4 c5 7.h5 Nxh5 8.Rxh5 gxh5
9.Ng5 h6 10.Ne4 e5 11.Bxh6 Bxh6 12.Qxh5 Kg7 13.dxe5 dxe5 14.Qxe5+ f6 15.Qg3+
Kh7 16.Nbd2 Bf5 17.O-O-O Nc6 18.Nxc5 Qe7 19.e4 Bg6 20.Nb3 Qxe4 21.Qc7+ Kh8
{#R} 0-1

[Event "Meurthe et Moselle Blitz"]
[Site "Nancy FRA"]
[Date "2017.02.18"]
[Round "1.2"]
[White "Kreuscher,W"]
[Black "Gurevich,M"]
[Result "1-0"]
[WhiteElo "2015"]
[BlackElo "2549"]

1.d4 d6 2.c4 f5 3.Nf3 Nf6 4.b3 g6 5.Bb2 Bg7 6.g3 O-O 7.Bg2 Ne4 8.O-O Nc6 9.Qc2
e5 10.Rd1 Qe7 11.d5 Nb4 12.Qc1 a5 13.a3 Na6 14.Nc3 Nac5 15.Qc2 a4 16.b4 Nxc3
17.Bxc3 Ne4 18.Bb2 Bd7 19.Rac1 b6 20.Nd2 Nf6 21.c5 bxc5 22.bxc5 Rfb8 23.Ba1
Bb5 24.cxd6 cxd6 25.Re1 Qa7 26.Qc7 Qa6 27.e3 Rb7 28.Qc2 e4 {#r} 1-0

[Event "Frauenbundesliga 2016-17"]
[Site "Germany GER"]
[Date "2017.03.05"]
[Round "6.5"]
[White "Rogozenco,Teodora"]
[Black "Tammert,I"]
[Result "0-1"]
[WhiteElo "2027"]
[BlackElo "2293"]

1.d4 d6 2.g3 e5 3.Bg2 exd4 4.Qxd4 Nc6 5.Qa4 Ne7 6.Bd2 Be6 7.Nf3 h6 8.O-O Qd7
9.Qb5 O-O-O 10.Rd1 Nd5 11.c4 Nb6 12.Na3 a6 13.Qb3 d5 14.cxd5 Bxd5 15.Qc2 Bxa3
16.bxa3 Qe7 17.Be3 Qxa3 18.Bxb6 cxb6 19.Rab1 Qxa2 20.Qc3 Qxe2 21.Nd4 Qc4
22.Bh3+ Kb8 23.Qb2 Nxd4 24.Rxd4 Qc7 {#R} 0-1

[Event "TCh-CAT Gp2 2017"]
[Site "Barcelona ESP"]
[Date "2017.02.25"]
[Round "6.2"]
[White "Pomes Marcet,J"]
[Black "Oratovsky,M"]
[Result "0-1"]
[WhiteElo "2338"]
[BlackElo "2482"]

1.d4 d6 2.Nf3 g6 3.c4 Bg7 4.Nc3 Nd7 5.Bg5 Ngf6 6.e3 O-O 7.h3 c6 8.Be2 a6 9.O-O
b5 10.a3 bxc4 11.Bxc4 c5 12.Qe2 Bb7 13.Rfd1 cxd4 14.exd4 Nb6 15.Ba2 a5 16.Re1
Re8 17.Rad1 Ba6 18.Qd2 Nc4 19.Qc1 Rc8 20.a4 Bb7 21.Nd2 Nb6 22.Qb1 Qd7 23.Bb3
Nbd5 24.Nb5 Bc6 25.Qd3 Nb4 26.Qg3 Bxb5 27.axb5 Qxb5 28.h4 Nd3 {#R} 0-1

[Event "TCh-FIN 2016-17"]
[Site "Finland FIN"]
[Date "2017.03.11"]
[Round "10.2"]
[White "Kivimaki,Ja"]
[Black "Kiik,K"]
[Result "0-1"]
[WhiteElo "2214"]
[BlackElo "2396"]

1.d4 d6 2.Nf3 Bg4 3.c4 Nd7 4.h3 Bxf3 5.exf3 Ngf6 6.f4 e6 7.Be2 d5 8.c5 c6 9.b4
Ne4 10.O-O Be7 11.Bb2 Qc7 12.f5 exf5 13.Bd3 O-O 14.Nc3 g6 15.a4 Bf6 16.Ne2 Bg7
17.Qc2 Ndf6 18.b5 Rfe8 19.a5 Nh5 20.a6 bxa6 21.bxc6 a5 22.Nc3 Nf4 23.Nb5 Qxc6
24.Rxa5 a6 25.Bxe4 fxe4 26.Nd6 Reb8 27.Bc3 Bf8 28.Qd2 {#R} 0-1